000 00695cab a2200229 4500
001 WB3406-08
008 090401t1998 xxu||||| |||| 00| 0 eng d
035 _a(Sirsi) u84175
041 _aeng
245 _aHousing agency key role
260 _c1998
350 _a0
490 _aScotsman
_v9 February 1998, 9(1)
520 _aHousing agency Scottish Homes may become the housing department of the new Scottish Parliament with responsibilities to develop a national housing strategy.
650 _aHOUSING AGENCY
650 _aSCOTLAND
650 _aSCOTTISH HOMES
650 _aSCOTTISH PARLIAMENT
690 _aPROPERTY-PROPERTY DEVELOPMENT
942 _n0
948 _c11/02/1998
999 _c52893
_d52893